චාරු චාරු අච්චාරු

[Charu charu achcharu]
Saved in:
Bibliographic Details
Main Author: ප්‍රනාන්දු, තරුරසී
Format: Book
Language:English
Published: රාජගිරිය : ග්‍රැෆිකෙයා ප්‍රකාශන, 2023.
Subjects:
Tags: Add Tag
No Tags, Be the first to tag this record!

MARC

LEADER 00000nam a22000007a 4500
005 20260112163426.0
008 260112b |||||||| |||| 00| 0 eng d
020 |a 9786245879564 
082 |a 891.483  |b ප්‍රනාන් 
100 |a ප්‍රනාන්දු, තරුරසී 
245 |6 880-01  |a චාරු චාරු අච්චාරු  |c  / තරුරසී ප්‍රනාන්දු 
260 |a රාජගිරිය :  |b ග්‍රැෆිකෙයා ප්‍රකාශන,  |c 2023. 
300 |a පි. 134 ;  |b රු. 450.00  |c සෙමි. 17 
650 0 |a සාහිත්‍යය 
650 0 |a නැගෙනහිර ඉන්දු යුරෝපීය සහ කෙල්ටික් සාහිත්‍යය 
650 0 |a සිංහල සාහිත්‍යය 
650 0 |a සිංහල ප්‍රබන්ධ 
880 |6 245-01  |a [Charu charu achcharu] 
942 |2 ddc  |c LBK 
999 |c 25419  |d 25419